000 01779nam1a2200337 i 4500
001 RU\NLR\bibl\1985645
005 20260408090529.0
010 _a9785815810051
035 _a(NLR Aleph) 001974268
090 _a3999210
_c3999210
100 _a20130110d2012 k y0rusy50 ca
101 0 _arus
102 _aRU
105 _a||||z |||||
200 1 _aМенеджмент в социально-экономических системах
_eсборник научных статей и тезисов участников Всероссийской олимпиады по управленческим специальностям
_e[в 2 ч.
_fотв. ред.: С.А. Руденко, к.э.н., доц.]
210 _aЙошкар-Ола
_cМарГТУ
_d2012
215 _d20
300 _aВ надзаг.: М-во образования и науки Рос. Федерации, Федер. гос. бюджет. образоват. учреждение высш. проф. образования Мар. гос. техн. ун-т, Фак. упр. и права
320 _aБиблиогр. в конце ст.
463 0 _10011935089
463 0 _10011935093
606 _aМенеджмент
_jСборники
_91566100
_3RU\NLR\auth\66685658
686 _aУ21(0)я43
702 1 _4340
_7ca
_8rus
_aРуденко
_bС. А.
_cканд. экон. наук
_gСветлана Алексеевна
_971673
_3RU\NLR\auth\7788745
711 1 2 _aВсероссийская олимпиада по управленческим специальностям
_eЙошкар-Ола
_f2011
_9342764
_3RU\NLR\AUTH\8810228960
801 0 _aRU
_bNLR
_c20130110
_gRCR
801 1 _aRU
_bNLR
_c20130110
852 _aNLR
_j2012-3/24680
942 _cBOOK